Paesi più Vicini all'Islanda - Statistics

Statistiche generali
  • Questo quiz è stato fatto 7.088 volte
  • Il punteggio medio è 18 su 20
Statistiche sulle risposte
Km Paese Miglia % Corretto
284 Danimarca (Groenlandia) 176
98%
539 Norvegia (Jan Mayen) 335
98%
784 Regno Unito 487
98%
1238 Svezia 769
97%
1771 Francia 1100
96%
1072 Irlanda 666
96%
1491 Finlandia 926
95%
1630 Germania 1013
94%
1777 Belgio 1104
93%
1655 Paesi Bassi 1028
93%
1800 Russia 1119
90%
1637 Canada 1017
88%
2286 Spagna 1420
87%
1987 Lussemburgo 1235
86%
1967 Polonia 1222
85%
1945 Estonia 1209
82%
2022 Lettonia 1257
82%
2100 Lituania 1305
82%
2285 Svizzera 1420
75%
2202 Repubblica Ceca 1368
61%
Nessun quiz corrispondente trovato
Distribuzione punteggi
Percentuale di utenti per punteggio
Percentile per numero di risposta
I tuoi punteggi nel tempo
Non hai fatto questo quiz